000 01294nam a2200301 a 4500
001 BRCA_4908
005 20190320204844.0
008 201010s1823----mx-######v---#000-0#spa-#
041 _aspa
044 _amx
084 _aDOC10
_b.B73
_c1823
100 1 _aBravo, Nicolás
_d1786-1854
_912408
245 1 0 _aDocumento firmado por Don Nicolás Bravo
_cNicolás Bravo.
260 _aVeracruz, México
_c1823
300 _a[1] foja
_c30 x 20 cm
500 _aDocumento firmado el 1 de mayo de 1823
500 _aDocumento firmado por Don Nicolás Bravo en la Antigua. Contiene la noticia de las personas que acompañaron a Don Agustín de Iturbide al desambarcar en México
500 _aEl documento contiene la leyenda DOC. #19
500 _aPapel con marca de agua
500 _aEstado de conservación: Contiene laguna en la esquina derecha, anotaciones con tinta roja
506 0 _aFondo reservado: para su consulta es necesario credencial de usuario y carta de motivos
546 _aTexto en: español de principios del siglo XIX
600 1 4 _aBravo, Nicolás
_d1786-1854
_912408
651 4 _aMéxico
_vManuscrito
_xHistoria
_yPrimeros gobiernos independientes, 1821-1824
_zVeracruz
_912426
700 1 _aIturbide, Agustín de
_d1783-1824
_912427
902 _aFDH
942 _2lcc
_cD
999 _c4602
_d4602